|
|
|
|
| LEADER |
00000cam a2200000 a 4500 |
| 001 |
vtls001493113 |
| 003 |
SK-MaSNL |
| 005 |
20260302003134.0 |
| 008 |
220107s2004 xo ol f 001 0 slo |
| 015 |
|
|
|a SNBA2005/04-01466
|
| 020 |
|
|
|a 8080631492
|q (viazané)
|
| 035 |
|
|
|a urn:nbn:sk:snk-am00g6ao
|
| 035 |
|
|
|a urn:nbn:sk:snk-am3iyfo
|
| 035 |
|
|
|a 1EAF2429-C068-44BA-AD2D-1C582470F505
|
| 040 |
|
|
|a SNK
|b slo
|c SNK
|e AACR2
|
| 041 |
0 |
|
|a slo
|
| 044 |
|
|
|a xo
|c SK
|
| 072 |
|
7 |
|a 616
|x Patológia. Klinická medicína
|2 konspekt
|
| 080 |
|
|
|a (048.8)
|2 1997
|
| 080 |
|
|
|a 616.5
|2 1997
|
| 100 |
1 |
|
|a Péč, Martin,
|d 1963-
|4 aut
|4 com
|9 190176
|
| 245 |
1 |
0 |
|a Mastocytózy
|c Martin Péč a kolektív
|
| 250 |
|
|
|a [1. vyd.]
|
| 260 |
|
|
|a Martin
|b Osveta
|c 2004
|
| 300 |
|
|
|a 125 strán
|c fotografie, tabuľky
|c 24 cm
|
| 504 |
|
|
|a Bibliografické odkazy. Zoznam použitých skratiek
|
| 504 |
|
|
|a Obsahuje register
|
| 650 |
0 |
7 |
|a mastocytózy
|2 SNKPH
|9 357757
|
| 655 |
|
7 |
|a monografie
|2 SNKPH
|9 70139
|
| 700 |
1 |
|
|a Belej, Kamil,
|d 1942-
|4 aut
|9 196519
|
| 700 |
1 |
|
|a Chribiková, Iveta
|4 aut
|9 473857
|
| 700 |
1 |
|
|a Kriška, Milan,
|d 1940-
|4 aut
|9 207645
|
| 700 |
1 |
|
|a Adamicová, Katarína,
|d 1953-
|4 aut
|9 185681
|
| 700 |
1 |
|
|a Péčová, Renata,
|d 1964-
|4 aut
|9 196526
|
| 700 |
1 |
|
|a Plank, Lukáš,
|d 1951-
|4 aut
|9 201344
|
| 700 |
1 |
|
|a Vrlík, Mojmír
|4 aut
|9 641434
|
| 919 |
|
|
|a 80-8063-149-2
|
| 968 |
|
|
|d 61
|
| 999 |
|
|
|c 990857
|d 992787
|
| 952 |
|
|
|a SNK
|b SNK
|y PREZ
|7 0
|p 17A0458024
|o snkSC 118923
|i snk2005/2124
|8 0
|0 0
|1 0
|4 0
|d 2005-02-10
|f 1
|l 0
|r 2025-05-28 00:00:00
|w 2026-02-24
|
| 952 |
|
|
|a SNK
|b SNK
|y VYP
|7 0
|p 17A0458025
|o snkSC 118923 D1
|i snk2005/2125
|8 0
|0 0
|1 0
|4 0
|d 2005-02-10
|l 0
|r 2026-02-24 11:48:09
|w 2026-02-24
|